Globální výkaznictví
Posun smerom ku globálnym účtovným štandardom je nevyhnutný. Dopad na americké podniky. Prehľad najdôležitejších zmien v americkej a v európskej praxi pri vykazovaní finančných výsledkov..
Saved in:
| Format: | Book Chapter |
|---|---|
| Language: | Czech |
| Subjects: | |
| Tags: |
No Tags, Be the first to tag this record!
|
MARC
| LEADER | 00000naa$a2200000$$$4500 | ||
|---|---|---|---|
| 001 | 0005076 | ||
| 005 | 20231106121521.4 | ||
| 041 | 0 | |a cze | |
| 044 | |a CZ | ||
| 245 | 1 | 0 | |a Globální výkaznictví |
| 520 | |a Posun smerom ku globálnym účtovným štandardom je nevyhnutný. Dopad na americké podniky. Prehľad najdôležitejších zmien v americkej a v európskej praxi pri vykazovaní finančných výsledkov.. | ||
| 610 | 2 | 0 | |a štandardy účtovné medzinárodné |
| 610 | 2 | 0 | |a normalizácia |
| 610 | 2 | 0 | |a účtovníctvo |
| 610 | 2 | 0 | |a výkazy účtovné |
| 610 | 2 | 0 | |a USA |
| 610 | 2 | 0 | |a Európa |
| 610 | 2 | 0 | |a globalizácia |